000 00265nam a2200121 i 4500
001 bg
245 0 _aPodstawy filozofii marksistowskiej.
260 _aWarszawa,
_c1983.
040 _cBPK
041 _apol
942 _cKS
008 s pl f |000 0 pol
999 _c2048
_d2048
856 _uhttp://koha.tu.koszalin.pl/cgi-bin/koha/opac-detail.pl?biblionumber=2048
_yKatalog online BPK